I : the philosophy and psychology of personal identity /

Bibliographic Details
Main Author: Glover, Jonathan
Format: Book
Language:English
Published: London, England : New York, N.Y., USA : Allen Lane ; Viking Penguin, 1988.
Subjects:

MARC

Tag First Indicator Second Indicator Subfields
LEADER 00000cam a2200000 a 4500
001 in00000763532
005 20240625165304.0
008 871125s1988 enk b 001 0 eng
010 |a  87083462  
015 |a GB8859461  |2 bnb 
016 7 |a 009125249  |2 Uk 
019 |a 18095963  |a 18613500  |a 18747036  |a 1000931733 
020 |z 0713900151 
020 |a 0713990015  |q (jkt.)  |z 0713900151 
020 |a 9780713990010  |q (jkt.) 
029 1 |a AU@  |b 000005891832 
029 1 |a AU@  |b 000044127509 
029 1 |a DEBBG  |b BV004299003 
029 1 |a GBVCP  |b 025826158 
029 1 |a NZ1  |b 3372808 
029 1 |a YDXCP  |b 592089 
029 1 |a UKMGB  |b 009125249 
035 |a (OCoLC)ocm22984204  
035 |a (OCoLC)22984204  |z (OCoLC)18095963  |z (OCoLC)18613500  |z (OCoLC)18747036  |z (OCoLC)1000931733 
035 |a (OCoLC)ocm22984204  
040 |a DLC  |b eng  |c DLC  |d UKM  |d NLGGC  |d BTCTA  |d YDXCP  |d DEBBG  |d GBVCP  |d OCLCO  |d OCLCF  |d OCLCQ  |d EUW  |d OCLCQ  |d RCT  |d CSJ  |d DHA  |d KIJ  |d OCLCO  |d CEF  |d OCLCQ  |d ZAP  |d XFF  |d OCLCO  |d OCLCQ  |d BGU  |d OCLCO  |d RDF  |d UKMGB  |d OCLCO  |d CSB  |d Y@Y  |d OCL  |d OCLCO  |d OCLCQ  |d OCLCL 
050 0 0 |a BF697  |b .G55 1988 
082 0 0 |a 126  |2 20 
083 0 |a Man. Identity 
084 |a 08.33  |2 bcl 
084 |a 77.52  |2 bcl 
084 |a CR 1000  |2 rvk 
100 1 |a Glover, Jonathan. 
245 1 0 |a I :  |b the philosophy and psychology of personal identity /  |c Jonathan Glover. 
260 |a London, England :  |b Allen Lane ;  |a New York, N.Y., USA :  |b Viking Penguin,  |c 1988. 
300 |a 207 pages ;  |c 23 cm 
336 |a text  |b txt  |2 rdacontent 
337 |a unmediated  |b n  |2 rdamedia 
338 |a volume  |b nc  |2 rdacarrier 
504 |a Includes bibliographical references and index. 
505 0 |a Multiple personality -- Split brains -- The fragmentation of consciousness -- Integration -- Persons and self-consciousness -- The word 'I' -- The body -- Am I my body? -- The ego -- Alternatives to the ego -- Folk psychology -- Freud's ego -- Projects of self-creation -- The inner story -- Belief -- Recognition -- The social self -- Is self-creation possible? -- We. 
650 0 |a Identity (Psychology) 
650 0 |a Self-perception. 
650 0 |a Ego (Psychology) 
650 0 |a Self. 
650 2 |a Self Concept 
650 2 |a Ego 
650 6 |a Identité (Psychologie) 
650 6 |a Perception de soi. 
650 6 |a Moi (Psychologie) 
650 7 |a Self-perception  |2 fast 
650 7 |a Self  |2 fast 
650 7 |a Ego (Psychology)  |2 fast 
650 7 |a Identity (Psychology)  |2 fast 
650 7 |a Ich-Psychologie  |2 gnd 
650 7 |a Identität  |2 gnd 
653 |a Man  |a Identity 
758 |i has work:  |a I (Text)  |1 https://id.oclc.org/worldcat/entity/E39PD3JT46p4WBKvKHHR3rMbgq  |4 https://id.oclc.org/worldcat/ontology/hasWork 
776 0 8 |i Online version:  |a Glover, Jonathan.  |t I.  |d London, England : Allen Lane ; New York, N.Y., USA : Viking Penguin, 1988  |w (OCoLC)574352564 
776 0 8 |i Online version:  |a Glover, Jonathan.  |t I.  |d London, England : Allen Lane ; New York, N.Y., USA : Viking Penguin, 1988  |w (OCoLC)607870473 
938 |a Baker and Taylor  |b BTCP  |n 87083462  |c £15.95 ($20.00 U.S.) 
938 |a YBP Library Services  |b YANK  |n 592089 
948 |h HELD BY TXA - 281 OTHER HOLDINGS 
994 |a Z0  |b TXA 
999 f f |s 70d7f525-f3d4-3ce2-8cfc-a4cb672a358a  |i b43e66be-1e4d-3638-b8d1-c2cd091a6bb1  |t 0 
952 f f |p ric  |a Texas A&M University  |b Rellis Campus  |c Joint Library Facility  |d Remote Storage  |t 0  |e BF697.5.S43 .G56 1988  |h Library of Congress classification  |i unmediated -- volume  |m A14811700458 
998 f f |a BF697.5.S43 .G56 1988  |t 0  |l Remote Storage